Toning the sweep / (Record no. 2731)

MARC details
000 -LEADER
fixed length control field 01195pam a2200337 a 4500
005 - DATE AND TIME OF LATEST TRANSACTION
control field 20260206103439.0
020 ## - INTERNATIONAL STANDARD BOOK NUMBER
International Standard Book Number 0531054764 :
Terms of availability $13.95
020 ## - INTERNATIONAL STANDARD BOOK NUMBER
International Standard Book Number 0531086267 (lib. bdg.)
020 ## - INTERNATIONAL STANDARD BOOK NUMBER
International Standard Book Number 9780590481427
040 ## - CATALOGING SOURCE
Original cataloging agency DLC
Transcribing agency DLC
Modifying agency DLC
Language of cataloging eng
050 00 - LIBRARY OF CONGRESS CALL NUMBER
Classification number PZ7.J629
Item number To 1993
082 00 - DEWEY DECIMAL CLASSIFICATION NUMBER
Classification number 813.5
Edition number 20
100 1# - MAIN ENTRY--PERSONAL NAME
Personal name Johnson, Angela
Dates associated with a name 1961-
245 10 - TITLE STATEMENT
Title Toning the sweep /
Statement of responsibility, etc. Angela Johnson
250 ## - EDITION STATEMENT
Edition statement First Scholastic paperback printing, August 1994
260 ## - PUBLICATION, DISTRIBUTION, ETC.
Place of publication, distribution, etc. New York :
Name of publisher, distributor, etc. Scholastic,
Date of publication, distribution, etc. 1993
300 ## - PHYSICAL DESCRIPTION
Extent 103 pages ;
Dimensions 20 cm
500 ## - GENERAL NOTE
General note "A Richard Jackson book"--Half title p.
505 ## - FORMATTED CONTENTS NOTE
Formatted contents note P
520 ## - SUMMARY, ETC.
Summary, etc. On a visit to her grandmother Ola, who is dying of cancer in her house in the desert, fourteen-year-old Emmie hears many stories about the past and her family history and comes to a better understanding of relatives both dead and living.
521 ## - TARGET AUDIENCE NOTE
Target audience note 760
Source Lexile
521 ## - TARGET AUDIENCE NOTE
Target audience note P
Source Raz-Plus
650 #1 - SUBJECT ADDED ENTRY--TOPICAL TERM
Topical term or geographic name entry element Grandmothers
Form subdivision Fiction.
650 #1 - SUBJECT ADDED ENTRY--TOPICAL TERM
Topical term or geographic name entry element Family life
Form subdivision Fiction.
650 #1 - SUBJECT ADDED ENTRY--TOPICAL TERM
Topical term or geographic name entry element Deserts
Form subdivision Fiction.
650 #1 - SUBJECT ADDED ENTRY--TOPICAL TERM
Topical term or geographic name entry element Cancer
Form subdivision Fiction.
650 #1 - SUBJECT ADDED ENTRY--TOPICAL TERM
Topical term or geographic name entry element African Americans
Form subdivision Fiction.
906 ## - LOCAL DATA ELEMENT F, LDF (RLIN)
a 7
b cbc
c orignew
d 1
e ocip
f 19
g y-gencatlg
942 ## - ADDED ENTRY ELEMENTS (KOHA)
Source of classification or shelving scheme Dewey Decimal Classification
Koha item type Books
Suppress in OPAC No
999 ## -
-- 2731
-- 2731
Holdings
Withdrawn status Lost status Source of classification or shelving scheme Damaged status Not for loan Collection Home library Current library Shelving location Date acquired Total Checkouts Full call number Barcode Date last seen Date last checked out Copy number Price effective from Koha item type
    Dewey Decimal Classification     Juvenile Fiction Footprints International School Library Network Toul Tom Poung Campus Footprints International School Library Network Toul Tom Poung Campus TTP Primary Orange Bookshelves 01/11/2024 1 JOH 813.5 PZ7.J629 FISSE01360 02/06/2026 01/09/2026 1 01/11/2024 Books